LIBRARY & INFORMATION CENTRE, KCAET, TAVANUR

ONLINE PUBLIC ACCESS CATALOGUE (OPAC)

Effect of Bakkikayam regulator on groundwater using geophysical techniques and visual modflow (Record no. 17303)

MARC details
000 -LEADER
fixed length control field 00428nam a22001337a 4500
003 - CONTROL NUMBER IDENTIFIER
control field OSt
008 - FIXED-LENGTH DATA ELEMENTS--GENERAL INFORMATION
fixed length control field 210204b ||||| |||| 00| 0 eng d
082 ## - DEWEY DECIMAL CLASSIFICATION NUMBER
Classification number 631.45
Item number SME/E
100 ## - MAIN ENTRY--AUTHOR NAME
Personal name Smegha N C
245 ## - TITLE STATEMENT
Title Effect of Bakkikayam regulator on groundwater using geophysical techniques and visual modflow
260 ## - PUBLICATION, DISTRIBUTION, ETC. (IMPRINT)
Place of publication Tavanur
Name of publisher Dept of Soil and water Conservation Engineering, KCAET
Year of publication 2020
700 ## - ADDED ENTRY--PERSONAL NAME
Personal name Sajeena S
942 ## - ADDED ENTRY ELEMENTS (KOHA)
Koha item type Theses
Holdings
Withdrawn status Lost status Damaged status Home library Current library Date acquired Full call number Accession Number Koha item type Public note
      KAUAET KAUAET 04/02/2021 631.45 SME/E T 494 Theses M.Tech Thesis
free website counter